Music lovers'encyclopedia
Bewaard in:
| Hoofdauteurs: | , |
|---|---|
| Formaat: | Boek |
| Taal: | Engels |
| Gepubliceerd in: |
Nueva York
Garden City
1939
|
| Onderwerpen: | |
| Tags: |
Voeg label toe
Geen labels, Wees de eerste die dit record labelt!
|
MARC
| LEADER | 00000nam a2200000 a 4500 | ||
|---|---|---|---|
| 001 | UCN1127 | ||
| 003 | CL-VaPUC | ||
| 008 | 010420e19390000US |||||||||||||||||eng|d | ||
| 082 | 0 | 4 | |a 780.3 |b TAY |2 21 |
| 100 | 0 | |a Taylor, Deems |e author |9 456540 | |
| 700 | 0 | |a Kerr, Russell |e author |9 456541 | |
| 245 | 1 | 0 | |a Music lovers'encyclopedia |
| 300 | |a 877 p | ||
| 942 | |c BK | ||
| 945 | |d 20010420 00:00:00 |a crobeson | ||
| 260 | |a Nueva York |b Garden City |c 1939 | ||
| 650 | 7 | |a MUSICA ENCICLOPEDIAS |2 CL-VaPUC |9 456542 | |
| 650 | 0 | |a Músicos |9 306340 | |
| 650 | 7 | |a BIOBLIBLIOGRAFIAS |2 CL-VaPUC |9 456543 | |
| 650 | 0 | |a Teoría musical |9 265760 | |
| 650 | 0 | |a Instrumentos musicales |9 306600 | |
| 583 | |a last modification |c 20010420 00:00:00 |k Rodrigo Vera | ||
| 999 | |c 294704 |d 294702 | ||
| 952 | |0 0 |1 0 |4 0 |6 780_300000000000000_TAY_1939 |7 0 |8 F |9 347401 |a BIBEDU |b BIBEDU |d 2019-11-20 |i 1248359 |o 780.3 TAY 1939 |p 1248359 |r 2023-01-12 |w 2019-11-20 |y BK_F |k MUS | ||
| 952 | |0 0 |1 0 |4 0 |6 780_300000000000000_TAY_1939 |7 0 |8 F |9 347402 |a BIBEDU |b BIBEDU |d 2019-11-20 |i 1248367 |o 780.3 TAY 1939 |p 1248367 |r 2023-01-12 |w 2019-11-20 |y BK_F |k MUS | ||